Statistics for Name all Charlie Puth songs from Nine Track Mind

Click here to take the quiz!

General Stats

  • This quiz has been taken 8 times
  • The average score is 6 of 13

Answer Stats

Answer% Correct
We Don't Talk Anymore
86%
Marvin Gaye
71%
One Call Away
71%
Left Right Left
57%
My Gospel
57%
See You Again
57%
Some Type Of Love
57%
Dangerously
43%
Suffer
43%
As You Are
14%
Then There's You
14%
Up All Night
14%
Losing My Mind
0%

Score Distribution

Percentile by Number Answered

Percent of People with Each Score

Your Score History

You have not taken this quiz